Tình huống khó xử trong gia đình
v.v...
Đã lưu trong:
| Tác giả chính: | |
|---|---|
| Định dạng: | Sách |
| Năm xuất bản: |
Đồng Nai
Nxb Đồng Nai
1998
|
| Chủ đề: | |
| Tags: |
Thêm thẻ
Không có thẻ, Hãy là người đầu tiên gắn thẻ bản ghi này!
|
| LEADER | 01417nam a2200229 4500 | ||
|---|---|---|---|
| 082 | |a 306.87 |b NG527Đ | ||
| 100 | |a Nguyễn Đình Gấm | ||
| 245 | |a Tình huống khó xử trong gia đình |c Nguyễn Đình Gấm | ||
| 260 | |a Đồng Nai |b Nxb Đồng Nai |c 1998 | ||
| 300 | |a 119 tr. |c 19 cm. | ||
| 520 | |a v.v... | ||
| 653 | |a Văn hóa | ||
| 653 | |a Gia đình | ||
| 653 | |a Quan hệ gia đình | ||
| 653 | |a Ứng xử | ||
| 942 | |2 ddc |c STK0 | ||
| 999 | |c 9175 |d 9175 | ||
| 952 | |0 0 |1 0 |2 ddc |4 0 |6 306_870000000000000_NG527Đ |7 0 |8 300 |9 74328 |a qbu |b qbu |c D2 |d 2015-05-07 |g 11000 |o 306.87 NG527Đ |p 8919.c1 |r 0000-00-00 |w 2015-05-07 |y STK0 |0 0 |6 306_870000000000000_NG527Đ | ||
| 952 | |0 0 |1 0 |2 ddc |4 0 |6 306_870000000000000_NG527Đ |7 0 |8 300 |9 74329 |a qbu |b qbu |c D2 |d 2015-05-07 |g 11000 |o 306.87 NG527Đ |p 8919.c2 |r 0000-00-00 |w 2015-05-07 |y STK0 |0 0 |6 306_870000000000000_NG527Đ | ||
| 952 | |0 0 |1 0 |2 ddc |4 0 |6 306_870000000000000_NG527Đ |7 0 |8 300 |9 74330 |a qbu |b qbu |c D2 |d 2015-05-07 |g 11000 |o 306.87 NG527Đ |p 8919.c3 |r 0000-00-00 |w 2015-05-07 |y STK0 |0 0 |6 306_870000000000000_NG527Đ | ||
| 952 | |0 0 |1 0 |2 ddc |4 0 |6 306_870000000000000_NG527Đ |7 0 |8 300 |9 74331 |a qbu |b qbu |c D2 |d 2015-05-07 |g 11000 |o 306.87 NG527Đ |p 8919.c4 |r 0000-00-00 |w 2015-05-07 |y STK0 |0 0 |6 306_870000000000000_NG527Đ | ||
| 952 | |0 0 |1 0 |2 ddc |4 0 |6 306_870000000000000_NG527Đ |7 0 |8 300 |9 82964 |a qbu |b qbu |c D2 |d 2015-08-19 |g 11000 |o 306.87 NG527Đ |p 8919.c5 |r 0000-00-00 |w 2015-08-19 |y STK0 |0 0 |6 306_870000000000000_NG527Đ | ||